00630cam a2200181 a 450000100100000000500170001000800410002704000300006808200200009810000290011824501140014726000480026130000210030950400340033058600420036465000200040665000220042600000778620200929154311.0920309s1990 cu b 000 0 spa  aDO-SdBNPbspacDLCdBNPHU aCu864.42bL719v1 aLienhard, Martin,d1946-13aLa voz y su huella :bescritura y conflicto étnico-social en América Latina 1492-1988 /cMartin Lienhard. aLa Habana :bCasa de las Américas,c1990. a407 p. ;c20 cm. aBibliografías p. [363]-407. a"Premio Casa de las Américas 1989". 4aEnsayos cubanos 4aLiteratura cubana